Azazel /

Kaydedildi:
Detaylı Bibliyografya
Yazar: Asimov, Isaac (autor)
Materyal Türü: Kitap
Dil:İspanyolca
Baskı/Yayın Bilgisi: Barcelona, España : Plaza y Janés, 1989, c1989
Edisyon:5a edición
Seri Bilgileri:(Los Jet de Plaza y Janés)
(Biblioteca de Isaac Asimov ; 136/18)
Konular:
Etiketler: Etiketle
Etiket eklenmemiş, İlk siz ekleyin!

MARC

LEADER 00000nam^a2200000^a^4500
001 000392562
005 20250521000000.0
009 20260310121245.328
020 |a 84-01-49668-3 
020 |a 84-01-49136-3 
037 |a Acervo ITESO - Biblioteca 
041 |a ESP 
082 |a 813.  |b ASI 
100 |a Asimov, Isaac  |e (autor) 
245 1 0 |a Azazel /  |c I. Asimov ; tr. por A. Martín. 
250 |a 5a edición 
264 4 |a Barcelona, España :  |b Plaza y Janés,  |c 1989, c1989 
300 |a 249 p. 
336 |a texto  |b txt  |2 rdacontenido 
337 |a sin mediación  |b n  |2 rdamedio 
338 |a volumen  |b nc  |2 rdasoporte 
440 5 |a (Los Jet de Plaza y Janés) 
440 1 |a (Biblioteca de Isaac Asimov ;  |v 136/18) 
500 |a Traducción de: Azazel 
649 |a XX 
650 |a Demonios en la Literatura 
650 |a Seres Fantásticos en la Literatura 
650 |a Cuentos Fantásticos -  |z EUA 
650 |a Cuentos Norteamericanos 
650 |a Literatura Fantástica -  |z EUA 
650 |a Literatura Norteamericana -  |y Siglo XX 
650 |a Robótica en la Literatura 
910 |a Fondo General 
920 |a Impresos - Libros 
930 |a Colección General 
940 |a Literatura 
905 |a 101 
901 |a 0500287452  |b IT1  |c LIT  |i D87472  |u 20250521 
902 |a https://opac.biblio.iteso.mx/vufind/Record/000392562